=LDR 00000nam 2200000 4500 =001 NUTBA000000000000844 =005 20140403113636.0 =006 =007 =008 =020 ##$$a 978-979-17968-3-5 =035 ##$$a 0010-041400000000114 =040 ##$$a Ind =082 ##$$a 646.72 =090 ##$$a 646.72$bMar c =100 ##$$a Martini, Erni =245 ##$$a Cantik dengan natural trement$cErni martini =260 ##$$a Yogyakarta$bPegasus$c2009. =300 ##$$a 222 Hlm$bIlus$c25 cm. =850 ##$$a NBPNMAT =990 ##$$a 21002475 =990 ##$$a 92570/BPAP-NTB/2014 =990 ##$$a 94638/BPAP-NTB/2014